Normal view
MARC view
- Bhosale S( 2K51005)
Entry Personal Name
001 - CONTROL NUMBER
- control field: 101980
003 - CONTROL NUMBER IDENTIFIER
- control field: OSt
005 - DATE AND TIME OF LATEST TRANSACTION
- control field: 20221007215907.0
008 - FIXED-LENGTH DATA ELEMENTS
- fixed length control field: 221007|| aca||aabn | a|a d
040 ## - CATALOGING SOURCE
- Original cataloging agency: OSt
- Transcribing agency: OSt
100 ## - HEADING--PERSONAL NAME
- Personal name: Bhosale S( 2K51005)
670 ## - SOURCE DATA FOUND
- Source citation: Work cat.: (OSt)69135: Bhosale S( 2K51005), Comparative Study of Assessment and Development Centres, 2007